Nâng cao tính pháp quyền của nhà nước vì mục tiêu xây dựng và hoàn thiện nhà nước pháp quyền xã hội chủ nghĩa của nhân dân do nhân dân, vì nhân dân /

保存先:
書誌詳細
第一著者: Nguyễn Như Phát.
その他の著者: Phạm Hữu Nghị.
フォーマット: 論文
言語:Vietnamese
主題:
タグ: タグ追加
タグなし, このレコードへの初めてのタグを付けませんか!
Thư viện lưu trữ: Thư viện Trường Đại học Đà Lạt
LEADER 00975nam a2200277 4500
001 DLU120131072
005 ##20120118
040 # # |a DLU  |b vie 
041 # # |a vie 
044 # # |a vn 
100 # # |a Nguyễn Như Phát. 
245 # # |a Nâng cao tính pháp quyền của nhà nước vì mục tiêu xây dựng và hoàn thiện nhà nước pháp quyền xã hội chủ nghĩa của nhân dân do nhân dân, vì nhân dân /  |c Nguyễn Như Phát, Phạm Hữu Nghị. 
653 # # |a Nhà nước pháp quyền 
653 # # |a Quản lí nhà nước 
653 # # |a Xây dưng XHCN 
700 # # |a Phạm Hữu Nghị. 
773 # # |t Nhà nước và pháp luật  |g Số 10(270), 2010, tr. 6-9 
920 # # |a Phòng Tạp chí -- Trung tâm Thông tin - Thư viện Trường Đại học Đà Lạt 
994 # # |a DLU 
900 # # |a True 
911 # # |a Nguyễn Thị Linh Chi 
925 # # |a G 
926 # # |a A 
927 # # |a BB 
980 # # |a Thư viện Trường Đại học Đà Lạt